[Event "Wch Blitz (Women)"]
[Site "New York"]
[Date "2024.12.30"]
[Round "8"]
[White "Foisor, Sabina Francesca"]
[Black "Fataliyeva, Ulviyya Hasil Qizi"]
[Result "0-1"]
[WhiteElo "2222"]
[BlackElo "2381"]
[PlyCount "72"]
[EventDate "2024.12.30"]
[EventType "swiss (blitz)"]
[EventRounds "11"]
[EventCountry "USA"]
[SourceTitle "CB01_2025"]
[SourceDate "2025.01.01"]
[SourceVersion "1"]
[SourceVersionDate "2025.01.01"]
[SourceQuality "1"]

1. d4 Nf6 2. Nf3 d5 3. e3 e6 4. b3 Bb4+ 5. c3 Bd6 6. Nbd2 b6 7. Bd3 Bb7 8. Bb2 0-0 9. 0-0 Nbd7 10. c4 c5 11. Rc1 Rc8 12. Qe2 cxd4 13. exd4 Re8 14. Ne5 Nf8 15. Rfe1 Ng6 16. Ndf3 Nf4 17. Qd2 Nxd3 18. Qxd3 Ne4 19. h3 f6 20. Ng4 Bf4 21. Ne3 dxc4 22. bxc4 Nc5 23. Qe2 Bxf3 24. Qxf3 Nd3 25. Ba1 Nxe1 26. Rxe1 Bxe3 27. Qxe3 Rxc4 28. Qb3 Qd5 29. Bb2 Rec8 30. Qe3 Kf7 31. Qd3 Qf5 32. Qa3 Rc2 33. Rf1 Qb5 34. Bc1 Qa5 35. Qe3 Qc3 36. a4 Rxc1 0-1

[Event "Wch Rapid (Women)"]
[Site "New York"]
[Date "2024.12.27"]
[Round "8"]
[White "Foisor, Sabina Francesca"]
[Black "Munkhzul, Davaakhuu"]
[Result "1-0"]
[WhiteElo "2296"]
[BlackElo "2006"]
[PlyCount "65"]
[EventDate "2024.12.26"]
[EventType "swiss (rapid)"]
[EventRounds "11"]
[EventCountry "USA"]
[SourceTitle "CB01_2025"]
[SourceDate "2025.01.01"]
[SourceVersion "1"]
[SourceVersionDate "2025.01.01"]
[SourceQuality "1"]

1. d4 Nf6 2. Nf3 d5 3. e3 e6 4. b3 b6 5. Bb2 Bb7 6. Nbd2 Nbd7 7. Bd3 Bd6 8. Ne5 c5 9. 0-0 Qc7 10. f4 0-0 11. Nxd7 Nxd7 12. Nf3 f5 13. Ng5 Rae8 14. dxc5 Bxc5 15. Re1 Qxf4 16. Qh5 Bxe3+ 17. Rxe3 Qxe3+ 18. Kh1 h6 19. Nf3 d4 20. Nxd4 Nf6 21. Qh4 Ng4 22. Rf1 Qd2 23. Nf3 Bxf3 24. gxf3 Nf6 25. Rg1 Kh7 26. Qg3 g5 27. Bc1 Qb4 28. Bxg5 hxg5 29. Qxg5 Rg8 30. Bxf5+ exf5 31. Qxf5+ Kh6 32. Qxf6+ Kh7 33. Qf5+ 1-0

[Event "ROM-chT (Women)"]
[Site "Mamaia"]
[Date "2024.10.04"]
[Round "5.4"]
[White "Marin, Alexia Iuliana"]
[Black "Foisor, Sabina Francesca"]
[Result "0-1"]
[WhiteElo "1580"]
[BlackElo "2199"]
[PlyCount "79"]
[EventDate "2024.09.30"]
[EventType "team-tourn"]
[EventRounds "7"]
[EventCountry "ROU"]
[SourceTitle "EXT 2025"]
[Source "ChessBase"]
[SourceDate "2024.10.14"]
[SourceVersion "1"]
[SourceVersionDate "2024.10.14"]
[SourceQuality "1"]
[WhiteTeam "Ploiesti (W)"]
[BlackTeam "Bucuresti ASE (W)"]
[WhiteTeamCountry "ROU"]
[BlackTeamCountry "ROU"]

1. d4 Nf6 2. Bf4 g6 3. Nf3 Bg7 4. e3 Nh5 5. Bg3 d6 6. c3 0-0 7. Be2 Nxg3 8. hxg3 e5 9. dxe5 dxe5 10. e4 Qe7 11. 0-0 a5 12. a4 Nd7 13. Nbd2 Kh8 14. Qc2 b6 15. Rfe1 Bb7 16. Bc4 Nf6 17. Rad1 Rad8 18. Qb1 Bh6 19. Bd3 Ng4 20. Nh2 Bc8 21. Nxg4 Bxd2 22. Rxd2 Bxg4 23. f3 Qg5 24. Qc2 Be6 25. Red1 Qxg3 26. b4 Rd6 27. Bb5 Bb3 28. Qxb3 Rxd2 29. Rxd2 Qe1+ 30. Kh2 Qxd2 31. Bc4 Qf4+ 32. Kg1 Kg7 33. Bd5 h5 34. bxa5 bxa5 35. c4 h4 36. Qb5 h3 37. gxh3 Qg3+ 38. Kf1 Qxf3+ 39. Ke1 Rh8 40. Qxa5 0-1

[Event "Titled Tuesday intern op 30th Jan Early"]
[Site "Chess.com INT"]
[Date "2024.01.30"]
[Round "11"]
[White "Makaraci, Tunahan"]
[Black "Foisor, Sabina Francesca"]
[Result "1-0"]
[WhiteElo "2238"]
[BlackElo "2200"]
[PlyCount "129"]
[EventDate "2024.01.30"]
[EventType "swiss (blitz)"]
[EventRounds "11"]
[EventCountry "USA"]
[SourceTitle "EXT 2025"]
[Source "ChessBase"]
[SourceDate "2024.10.14"]
[SourceVersion "1"]
[SourceVersionDate "2024.10.14"]
[SourceQuality "1"]

1. d4 d5 2. e3 Nf6 3. Bd3 c5 4. c3 e6 5. f4 b6 6. Nf3 Be7 7. 0-0 0-0 8. Ne5 Ba6 9. Bxa6 Nxa6 10. Nd2 Nb8 11. Rf3 Ne4 12. Nxe4 dxe4 13. Rh3 f5 14. Qh5 h6 15. Qg6 Rf6 16. Qg3 Nd7 17. Bd2 Qe8 18. c4 cxd4 19. exd4 Rc8 20. b3 Nxe5 21. fxe5 Rg6 22. Qf2 Bg5 23. Bxg5 hxg5 24. Rd1 f4 25. Qe2 g4 26. Rh4 e3 27. Rxg4 Qf7 28. d5 exd5 29. cxd5 Rxg4 30. Qxg4 Rc2 31. e6 Qf6 32. d6 Rd2 33. e7 Qg6 34. Rxd2 exd2 35. Qd1 f3 36. Qxd2 fxg2 37. Qd5+ Kh7 38. Qxg2 Qb1+ 39. Kf2 Qc2+ 40. Kg3 Qg6+ 41. Kf2 Qc2+ 42. Kf3 Qc6+ 43. Ke3 Qc3+ 44. Ke4 Qc6+ 45. Ke5 Qxg2 46. d7 Qxh2+ 47. Ke6 Qe2+ 48. Kd6 Qd3+ 49. Kc7 Qc3+ 50. Kd8 Qe5 51. e8Q Qb8+ 52. Ke7 Qe5+ 53. Kf8 Qf4+ 54. Qf7 Qb8+ 55. Ke7 Qe5+ 56. Qe6 Qg5+ 57. Ke8 Qh5+ 58. Kd8 Qg5+ 59. Kc7 Qc5+ 60. Kb7 Qf8 61. Qe4+ Kh6 62. Qh4+ Kg6 63. d8Q Qf7+ 64. Ka8 Qf6 65. Qg4+ 1-0

[Event "Titled Tuesday intern op 30th Jan Early"]
[Site "Chess.com INT"]
[Date "2024.01.30"]
[Round "4"]
[White "Tabuenca Mendataurigoitia, Daniel"]
[Black "Foisor, Sabina Francesca"]
[Result "1-0"]
[WhiteElo "2341"]
[BlackElo "2200"]
[PlyCount "113"]
[EventDate "2024.01.30"]
[EventType "swiss (blitz)"]
[EventRounds "11"]
[EventCountry "USA"]
[SourceTitle "EXT 2025"]
[Source "ChessBase"]
[SourceDate "2024.10.14"]
[SourceVersion "1"]
[SourceVersionDate "2024.10.14"]
[SourceQuality "1"]

1. Nf3 d5 2. g3 c6 3. Bg2 Nf6 4. 0-0 Bf5 5. d3 Nbd7 6. c4 e6 7. Nc3 Be7 8. Be3 0-0 9. Qb3 Ng4 10. Qxb7 Nxe3 11. fxe3 Rb8 12. Qxc6 Rxb2 13. cxd5 exd5 14. Nxd5 Bc5 15. Nd4 Bg4 16. Qa4 Bxe2 17. Nxe2 Rxe2 18. d4 Bb6 19. Bf3 Rd2 20. Rfd1 Rxd1+ 21. Rxd1 Nf6 22. Nf4 Qe7 23. Re1 g5 24. Nd3 Rc8 25. Ne5 Qe8 26. Qxe8+ Nxe8 27. Bd5 Nd6 28. Rf1 Rc7 29. Rf6 Nb5 30. Rxf7 Rxf7 31. Bxf7+ Kg7 32. Bc4 Nxd4 33. Kg2 Nc2 34. e4 h5 35. Kf3 Nd4+ 36. Kg2 Nc2 37. Be2 Ne3+ 38. Kf3 g4+ 39. Kf4 Kf6 40. Nd7+ Ke6 41. Nxb6 Ng2+ 42. Kg5 axb6 43. Kxh5 Ne3 44. Bxg4+ Ke5 45. Bf3 Nf1 46. g4 Nxh2 47. Bg2 Kf4 48. g5 Ng4 49. Bh3 Ne5 50. g6 Nxg6 51. Kxg6 Kxe4 52. Kf6 Kd4 53. Ke6 Kc3 54. Kd6 Kb2 55. Be6 b5 56. Kc5 b4 57. Kxb4 1-0